| 000 | 00328nam a22001337a 4500 | ||
|---|---|---|---|
| 020 | _a9781486009817 | ||
| 082 |
_a346.7307 _bGIB |
||
| 100 | _aGibson, Andy | ||
| 245 |
_aBusiness Law / _cAndy Gibson and Douglas Fraser |
||
| 260 |
_aAustralia: _bPearson, _c2014. |
||
| 300 | _a794 p. | ||
| 563 | _aPB. | ||
| 942 |
_2ddc _cBK |
||
| 999 |
_c614098 _d614098 |
||